000 00617nam a2200229Ia 4500
003 OSt
005 20220923213025.0
006 a|||||r|||| 00| 0
007 ta
008 220922b |||||||| |||| 00| 0 hin d
024 _a158,381
037 _cTextual
040 _aARTS
_cARTS
_bhin
041 _2hin
_ahin
082 _aO152:1xN5, J4
100 _aसिंहल, मदन गोपाल
245 0 _aफूल पत्ती
246 _aFūl pattī
260 _c1954
942 _hO152:1xN5, J4
_cTEXL
_2CC
999 _c313180
_d313180